00867nam a2200229 a 450000100100000000500170001000800410002702000150006804000250008308200150010810000370012324501090016026000280026930000210029749000370031849000140035550400730036983000440044283000210048695201130050799900170062000004119320201002034709.0130925s1985 sp 000 0 spa d a8400060482 aDO-SdBNPbspacBNPHU axxxxbxxxx1 aBarcala Muñoz, Andrés96606610aCensuras inquisitoriales a las obras de P. Tamburini y al sinodo de pistoya /cAndrés Barcala Muñoz. aMadrid, :bCSIC,c1985. a432 p. :b24 cm.1 aBiblioteca theologica hispanav21 aTextosv4 aIncluye referencias bibliográficas y notas al pie de las páginas 0aBiblioteca theologica hispanan2967765 0aTextosn4936360 001050718MOaGRbGRcHDd2013-09-25iLF1l0oxxxx xxxxp41193-10r2020-06-25w2020-06-25y1ZNo se presta c40683d40683